Statystyki dla Województwa Polski - Quiz na mapie

Kliknij tutaj aby rozwiązać quiz!

Ogólne statystyki

  • Ten quiz został rozwiązany 135 255 razy
  • Średni wynik to 11 z 16

Odpowiedzi na mapie

Odpowiedzi skodowane kolorowo w zielono-czerwonej skali na mapie do tego quizu, zgodnie z poniższymi procentami.
 

Statystyki odpowiedzi

Odpowiedź% Poprawnych
Pomorskie
82%
Mazowieckie
81%
Zachodniopomorskie
75%
Podlaskie
74%
Warmińsko-mazurskie
69%
Łódzkie
65%
Podkarpackie
65%
Wielkopolskie
65%
Dolnośląskie
63%
Kujawsko-pomorskie
63%
Lubelskie
63%
Lubuskie
62%
Małopolskie
61%
Świętokrzyskie
61%
Śląskie
58%
Opolskie
56%

Rozkład punktacji

Percentyl według liczby udzielonych odpowiedzi

Procent ludzi z każdym wynikiem

Twoja historia wyników

Nie rozwiązałeś tego quizu